000 00699nas a2200241 4500
001 BR8803624
003 BR-BrBNA
005 20231205091157.0
007 ta
008 230509b bl.|||p| |||| 00| 00por d
040 _aBR-BrBNA
_bpor
_cBiblioteca Nacional de Agricultura
041 _a(Pt)
072 _aH10; H20
100 1 _aViolante Netto, A.
245 1 _aCausas do insucesso no controle dos acaros dos pomares de citros
650 _aFRUTA CITRICA
650 _aACARO
650 _aLEPROSE
650 _aCONTROLE INTEGRADO
773 0 _tLaranja (Brazil)
_xISSN 0102-1907
_g(Dec 1987), v. 1(8) p. 51-59
_wBR8803624
909 _a202311
_bLúcia
_c55
_dLúcia Elande
942 _2AGRIS
_n0
_cANA
999 _c123358
_d123358